Religión, política y metodologías : aportes al estudio de los sistemas religiosos /
Análisis de la relación entre la religión y la política, para lo cual plantea una metodología y unas estrategias, describe los sistemas religiosos y los examina desde la perspectiva política, trata en seguida los temas del desarrollo de las alternativas religiosas y de la crisis institucional de la...
Enregistré dans:
| Auteur principal: | |
|---|---|
| Autres auteurs: | |
| Format: | Livre |
| Langue: | espagnol |
| Publié: |
México :
Libros de la Araucaria,
2013, c2013
|
| Sujets: | |
| Tags: |
Pas de tags, Soyez le premier à ajouter un tag!
|
MARC
| LEADER | 00000nam^a2200000^a^4500 | ||
|---|---|---|---|
| 001 | 000370961 | ||
| 005 | 20250521000000.0 | ||
| 009 | 20260310115918.895 | ||
| 020 | |a 978-607-00-7670-1 | ||
| 037 | |a Acervo ITESO - Biblioteca | ||
| 041 | |a ESP | ||
| 082 | |a 306. 6 |b MAS | ||
| 100 | |a Masferrer Kan, Elio |e (autor) | ||
| 245 | 1 | 0 | |a Religión, política y metodologías : |b aportes al estudio de los sistemas religiosos / |c E. Masferrer Kan ; pról. de Iván Franco Cáceres. |
| 264 | 4 | |a México : |b Libros de la Araucaria, |c 2013, c2013 | |
| 300 | |a 223 p. | ||
| 336 | |a texto |b txt |2 rdacontenido | ||
| 337 | |a sin mediación |b n |2 rdamedio | ||
| 338 | |a volumen |b nc |2 rdasoporte | ||
| 520 | |a Análisis de la relación entre la religión y la política, para lo cual plantea una metodología y unas estrategias, describe los sistemas religiosos y los examina desde la perspectiva política, trata en seguida los temas del desarrollo de las alternativas religiosas y de la crisis institucional de la Iglesia Católica, así como la expansión y la consolidación de las iglesias evangélicas; el ámbito considerado no se centra sólo en México, pero sí pone en el país una particular atención. | ||
| 649 | |a XX | ||
| 650 | |a Religión - |z México | ||
| 650 | |a Política y Religión - |z México - |x Tema Principal | ||
| 650 | |a Religión y Economía - |z México | ||
| 650 | |a Iglesia y Estado - |z Latinoamérica | ||
| 650 | |a Teología Social - |z Latinoamérica | ||
| 650 | |a Sociología de la Religión | ||
| 650 | |a Antropología Cultural - |x Metodología | ||
| 650 | |a México - |x Historia - |y Siglo XXI | ||
| 650 | |a Derecho | ||
| 650 | |a Política | ||
| 650 | |a Religión | ||
| 700 | |a Franco Cáceres |e (autor) | ||
| 910 | |a Fondo General | ||
| 920 | |a Impresos - Libros | ||
| 930 | |a Colección General | ||
| 905 | |a 101 | ||
| 901 | |a 0500265053 |b IT1 |c ACC |i D75435 |u 20250521 | ||
| 902 | |a https://opac.biblio.iteso.mx/vufind/Record/000370961 | ||